| 000 | 00827nam a2200217 i 4500 | ||
|---|---|---|---|
| 003 | DO-SdUEMH | ||
| 005 | 20260206210605.0 | ||
| 007 | ta | ||
| 008 | 260206s2012 dr a|||gr|||| 00| 0 spa d | ||
| 040 |
_aDO-SdUEMH _bspa _erda |
||
| 041 | _aspa | ||
| 082 | 1 | 4 | _mRD |
| 245 |
_aIX Censo Nacional de Población y Vivienda 2010: _bcaracterísticas del entorno de la vivienda y el hogar |
||
| 264 |
_aSanto Domingo, República Dominicana : _c2003 |
||
| 300 |
_a128 páginas : _bilustraciones ; _c27 cm. |
||
| 336 |
_2rdacontent _atexto _btxt |
||
| 337 |
_2rdamedia _asin mediación _bn |
||
| 338 |
_2rdacarrier _avolumen _bnc |
||
| 505 | 2 | _aGeneralidades -- Resultados Censales -- Aspectos Operacionales y Metodológicos -- Instrumento de Recolección de Información -- Conceptos Básicas Utilizados -- Difusión. | |
| 942 |
_2ddc _cBK _n0 |
||
| 999 |
_c18380 _d18380 |
||